000 01593nam0a2200313 4500
001 RU\NLR\bibl\1860384
005 20260408060032.0
035 _a(NLR Aleph) 001850287
090 _a2392464
_c2392464
100 _a20120125d2011 |||y0rusy50 ca
101 0 _arus
102 _aRU
105 _ay |||||||||
200 1 _aЮвелирное искусство и материальная культура
_eсеминар
_eтезисы докладов участников девятнадцатого коллоквиума, (18-21 апреля 2011)
_f[сост.: Наталия Захарова]
210 _aСанкт-Петербург
_cИзд-во Государственного Эрмитажа
_d2011
215 _a131 с.
_d22
300 _aВ надзаг.: Гос. Эрмитаж
606 1 _aЮвелирное искусство
_jТезисы докладов
_92006441
_3RU\NLR\auth\66922353
606 1 _aТрадиционная культура
_jТезисы докладов
_91490272
_3RU\NLR\auth\66640463
686 _aЩ125.444.3(0)я431
686 _aТ52(2)я431
702 1 _4340
_8rus
_7ca
_aЗахарова
_bН.А.
_cискусствовед
_gНаталия Алексеевна
_3RU\NLR\auth\7744246
_927188
711 1 2 _a"Ювелирное искусство и материальная культура", семинар
_cСанкт-Петербург
_bКоллоквиум
_d19
_f2011
_3RU\NLR\AUTH\8810203673
_9295256
801 0 _aRU
_bNLR
_c20120125
_gRCR
801 1 _aRU
_bNLR
_c20120125
942 _cBOOK
980 _aNB
980 _aNBR